| 000 | 01033nam1a2200289 4500 | ||
|---|---|---|---|
| 001 | RU\NLR\BIBL_A\022482283 | ||
| 005 | 20250807185710.0 | ||
| 035 | _a(NLR Aleph) 022482283 | ||
| 090 |
_a88711 _c88711 |
||
| 100 | _a20250307a1941 u y0rusy50 ca | ||
| 101 | 0 | _aarm | |
| 102 | _aAM | ||
| 105 | _aa z 000 y | ||
| 181 | 0 |
_ai _baxxe |
|
| 182 | 0 | _an | |
| 200 | 1 |
_aԲնագիտություն _fՎ.Ա.Տետյուրեվ |
|
| 203 |
_aТекст _bвизуальный _cнепосредственный |
||
| 210 |
_aԵրեվան _bՀայպետհրատ _d1941 |
||
| 215 | _d20 | ||
| 541 | 1 |
_6z01790 _aЕстествознание _zrus |
|
| 700 | 0 |
_aՏետյուրեվ _bՎ.Ա. _4700 |
|
| 790 | 0 |
_6z01541 _aТетюрев _bВ. А. _f1899- _gВладимир Алексеевич _3RU\NLR\AUTH\770278551 _4570 |
|
| 852 |
_aNLR _bОНЛ _jАрм./2-7108 |
||
| 942 | _cBOOK | ||
| 945 |
_aРоссийская национальная библиотека _aНациональная библиотека Армении |
||
| 980 | _aBV | ||